BIBLIOTHÈQUE DE LA MAISON DU MEXIQUE

Logo 1 Logo 2

Ventana al mundo invisible (notice nᵒ 1379)

détails MARC
000 -Sello discográfico
campo de control de longitud fija 00912nam a2200301 4500
005 - Identificación de versión
campo de control 20251016082938.0
035 ## - Otros números de control del sistema
Número de control del sistema 27909
099 ## - fechas locales
Tipo de ítem Koha LIBRO
100 ## - Datos de procesamiento general
Datos de procesamiento general 20020619d1960 m y1spay5003 ba
105 ## - Campo de datos codificados: Material textual, monográfico
Datos codificados de monografía y 001zy
200 1# - Título y mención de responsabilidad
Título propio Ventana al mundo invisible
Designación general del material texto impreso
Primer mención de responsabilidad Gutierre Tibón
210 ## - Publicación, distribución, etc.
Lugar de publicación, distribución, etc. México
Nombre del editor, distribuidor, etc. Editorial Posada
Fecha de publicación, distribución, etc. 1960
215 ## - Descripción física
Designación de material específico y extensión del ítem 256 p
Dimensiones 21 cm
300 ## - Notas generales
Texto de la nota Título en cubertura : Ventana al mundo invisible : Documentos del Instituto Mexicano de Investigaciones Parasicólogicas (sic)
345 ## - Nota de información de adquisición
Fuente de adquisición/dirección de la suscripción [OBSOLETO] Donación
410 #1 - Series
Título La otra realidad
606 ## - Término temático usado como materia
Elemento de entrada Mediums
Número Koha 3546
606 ## - Término temático usado como materia
Elemento de entrada Parapsicología
Número Koha 3547
660 ## - Código de área geográfica
Código MX
700 ## - Nombre personal - Responsabilidad primaria
Elemento de entrada Tibón
Parte del nombre distinta del elemento de entrada Gutierre
Fechas 1905-1999
Número Koha 3534
801 #0 - Fuente de origen
Agencia cm
900 ## -
-- 1/1348
900 ## -
-- 7100213130\190602
942 ## - ELEMENTOS DE ENTRADA SECUNDARIOS (KOHA)
Tipo de ítem Koha Livre
996 ## -
-- MEX
-- 751145101
-- MMAG
-- 007394
-- 133 T553VE
-- 20230208LIV
Exemplaires
Estatus retirado Estado de daño Estado de pérdida Fecha de adquisición Biblioteca de origen Biblioteca actual Ubicación en estantería Código de barras Precio de reemplazo Signatura topográfica completa No para préstamo Tipo de ítem Koha Nota pública Nota no pública
      05/08/2025 Casa México Paris Casa México Paris   007394 05/08/2025 133 T553VE   Livre 20230208LIV 751145101